Movies Quiz

Random Movies Quiz

Big Lebowski Characters Quiz Stats

 Plays Quiz Updated Feb 20, 2020

Support Sporcle.
Go Orange.
Score 0/24 Timer 05:00
0 Plays Today
% Correct
The Dude
98.3%
Jesus Quintana
83.2%
Theodore Donald 'Donny' Kerabatsos
82.7%
Walter Sobchak
76.8%
The Big Lebowski
73.2%
Bunny Lebowski
67.4%
Saddam Hussein
59.4%
Maude Lebowski
59.1%
Jackie Treehorn
47.9%
Uli Kunkel/Karl Hungus
46.6%
Smokey
46.5%
The Stranger
44.1%
% Correct
Little Larry Sellers
40.5%
Brandt
40.4%
Franz
32.4%
Kieffer
31.3%
Nihilist with Missing Toe
29%
Arthur Digby Sellers
26.2%
Liam O'Brien
20.9%
Knox Harrington
14.9%
Pilar
13.5%
Malibu Police Chief
13%
Da Fino
12.9%
Marty
9.5%

You're not logged in!

Compare scores with friends on all Sporcle quizzes.
OR
Log In

From the Vault

Movie Cast Match (2011)

by MasterKGlas

We're fairly certain that every movie released in 2011 was a sequel.
Remove Ads.
Support Sporcle.
Get the best of Sporcle when you Go Orange. This ad-free experience offers more features, more stats, and more fun while also helping to support Sporcle. Thank you for becoming a member.

Show Comments

Extras

Top Quizzes Today


Score Distribution

Your Account Isn't Verified!

In order to create a playlist on Sporcle, you need to verify the email address you used during registration. Go to your Sporcle Settings to finish the process.

Report this User

Report this user for behavior that violates our Community Guidelines.

Details: